| 000 | 00346nam a22001457a 4500 | ||
|---|---|---|---|
| 008 | 210312b ||||| |||| 00| 0 eng d | ||
| 020 | _a0465063675 | ||
| 041 | _aeng | ||
| 080 |
_28th _a336 |
||
| 082 |
_28th _a336 |
||
| 100 | _a56 | ||
| 101 | _aFIN | ||
| 245 |
_aPrinciples of Money,Banking,and Financial Markets _cRitter,S.L |
||
| 942 |
_2udc _cBK |
||
| 999 |
_c56498 _d56498 |
||